SPORTS INJURIES: DIAGNOSIS AND MANAGEMENT (Record no. 8600)

MARC details
000 -LEADER
fixed length control field 00465nam a22001817a 4500
005 - DATE AND TIME OF LATEST TRANSACTION
control field 20240902114203.0
008 - FIXED-LENGTH DATA ELEMENTS--GENERAL INFORMATION
fixed length control field 240831b |||||||| |||| 00| 0 eng d
020 ## - INTERNATIONAL STANDARD BOOK NUMBER
ISBN 0-7506-5223-3
041 ## - LANGUAGE CODE
Language code of text/sound track or separate title eng
082 ## - DEWEY DECIMAL CLASSIFICATION NUMBER
Classification number 617.1027 NOR
100 ## - MAIN ENTRY--AUTHOR NAME
Personal name NORRIS,CHRISTOPHER M.
245 ## - TITLE STATEMENT
Title SPORTS INJURIES: DIAGNOSIS AND MANAGEMENT
250 ## - EDITION STATEMENT
Edition statement 3RD, ED. 2004
260 ## - PUBLICATION, DISTRIBUTION, ETC. (IMPRINT)
Place of publication EDINBURGH
Name of publisher BUTTERWORTH HEINEMANN
Year of publication 2004
300 ## - PHYSICAL DESCRIPTION
Number of Pages 465;P
650 ## - SUBJECT ADDED ENTRY--TOPICAL TERM
Topical Term BPT
942 ## - ADDED ENTRY ELEMENTS (KOHA)
Koha item type Books
Holdings
Lost status Damaged status Collection code Home library Current library Shelving location Date acquired Source of acquisition Cost, normal purchase price Full call number Accession Number Koha item type
    Reference JRU Library JRU Library SHELF-8-B RB 31/08/2024 PURCHASE 9396.00 617.1027 28341 Books